| 000 | 02576ngm a2200517 a 4500 | ||
|---|---|---|---|
| 005 | 20200320193649.0 | ||
| 008 | 150212s nyu c 000 1 eng | ||
| 024 | 1 |
_a786936845884 _qvideorecording |
|
| 040 |
_aMMLLC _beng _cMMLLC _erda |
||
| 082 | 0 |
_a[FIC] _223 |
|
| 245 | 0 | 0 |
_aInto the Woods 2015 _h[videorecording] / _cMeryl Streep, Emily Blunt, James Corden, Anna Kendrick, Chris Pine, Screenplay By James Lapine, Based On The Musical By Stephen Sondheim And James. |
| 246 | 3 | _aInto the woods 2015. | |
| 260 |
_a[S.l.] : _bWalt Disney Studios, _c2015. |
||
| 300 |
_a: _bsd., col ; _c4 3/4 in. |
||
| 336 | _atwo-dimensional moving image | ||
| 338 | _ac | ||
| 344 |
_adigital _boptical _2rda. |
||
| 347 |
_bDVD video _2rda. |
||
| 508 | _aRob Marshall, director. | ||
| 511 | 1 | _aStarring: Meryl Streep, Emily Blunt, James Corden, Anna Kendrick, Chris Pine. | |
| 520 | _aFrom the director of CHICAGO and the producer of WICKED comes a modern twist on the beloved fairy tales you thought you knew. Meryl Streep stars in this epic musical saga about daring to venture INTO THE WOODS. Iconic characters, such as Cinderella, Little Red Riding Hood, Jack and the Beanstalk and Rapunzel, find their fates intertwined with a humble baker and his wife, whose longing to have a child sends them on a quest to reverse a witch's (Streep) curse. With an all-star cast, this spellbinding adventure is everything you could ever wish for! | ||
| 521 | _aPG (Parental Guidance Suggested) | ||
| 538 | _aMultiple formats, color, [widescreen], NTSC. | ||
| 546 | _aEnglish audio. | ||
| 650 | 1 |
_aFairy tales _vDrama. _95897494 |
|
| 650 | 0 |
_aFantasy. _95897495 |
|
| 650 | 0 |
_aMagic _vJuvenile fiction. _95673690 |
|
| 650 | 0 |
_aWitches _vFiction. _95673734 |
|
| 650 | 0 |
_aImaginary places. _95897496 |
|
| 650 | 1 |
_aImaginary creatures _vFiction. _95676050 |
|
| 655 | 7 |
_aMusical films. _2lcgft _9102735 |
|
| 655 | 7 |
_aFeature films. _2lcgft _95897497 |
|
| 700 | 1 |
_aStreep, Meryl. _914132 |
|
| 700 | 1 |
_aBlunt, Emily. _972353 |
|
| 700 | 1 |
_aCorden, James. _95737351 |
|
| 700 | 1 |
_aKendrick, Anna. _95714613 |
|
| 700 | 1 |
_aPine, Chris. _95897498 |
|
| 700 | 1 |
_aLapine, James. _916100 |
|
| 700 | 1 |
_aSondheim, Stephen, _ecomposer & lyrcist. _95897499 |
|
| 700 | 1 |
_aMarshall, Rob , _edirector. _946622 |
|
| 942 |
_cDVD _069 |
||
| 948 |
_a04/01/2015 _b10/11/2017 _zSirsi |
||
| 949 | _nwww.MicroMarketing.org 800-229-9887 | ||
| 996 |
_a116883 _b34301001359324 _cDVD _dDVD _ewcl _fi _g69 _h15.95 _lamazon _mInt _p06/14/2016 _q03/10/2020 _r03/03/2020 |
||
| 999 |
_c286364 _d286364 |
||